Toronto's ethnic groups Quiz Stats

 Plays Quiz not verified by Sporcle

Challenge
Share
Tweet
Embed
Score 0/111 Timer 10:00
0 Plays Today
Ethnic Group % Correct
French
88.2%
Chinese
86.7%
Irish
85.5%
West Indian
83.6%
East Indian
83.3%
Japanese
83%
American
82.7%
Italian
82.7%
Latin American
82.7%
German
81.8%
Russian
81.5%
Spanish
80.9%
Polish
79.1%
Korean
78.8%
Mexican
78.8%
Portuguese
76.1%
English
75.8%
Greek
75.5%
Swedish
75.5%
Scottish
74.2%
Brazilian
73.6%
Dutch
72.7%
South African
71.5%
Pakistani
70.6%
Danish
70%
Norwegian
69.4%
Finnish
68.5%
Egyptian
67.9%
Czech
67.6%
Hungarian
67.6%
Canadian
67.3%
Austrian
66.7%
Turk
66.7%
Serbian
66.4%
Iranian
66.1%
Ukrainian
65.5%
Swiss
64.8%
Ethnic Group % Correct
Vietnamese
64.5%
Welsh
64.5%
Peruvian
63.3%
Croatian
63%
Israeli
63%
Albanian
62.1%
Iraqi
62.1%
Romanian
61.8%
Belgian
61.2%
Argentinian
60.6%
Colombian
60.6%
Jamaican
60%
Chilean
59.4%
Bulgarian
57.9%
Afghan
57.3%
Armenian
57.3%
Estonian
57%
Arab
56.7%
Lithuanian
56.7%
Filipino
56.1%
Nigerian
55.5%
Ethiopian
53.6%
Bosnian
52.4%
Slovenian
52.4%
Macedonian
51.5%
Lebanese
51.2%
Moroccan
51.2%
Malaysian
50%
Syrian
49.4%
Taiwanese
48.8%
Cambodian
47.6%
Somali
47.6%
Sri Lankan
47.3%
British
46.4%
African
46.1%
Sudanese
41.2%
Guatemalan
40.3%
Ethnic Group % Correct
Bengali
39.4%
Ecuadorian
39.1%
Laotian
37.9%
Azerbaijani
36.1%
Maltese
34.2%
Nepali
30.6%
Guyanese
30.3%
Inuit
29.1%
Tamil
29.1%
Bangladeshi
27.3%
Punjabi
24.8%
Black
24.5%
Eritrean
23.9%
South Asian
23.6%
West Asian
23.6%
Palestinian
22.1%
Southern European
19.7%
Western European
19.1%
Eastern European
18.8%
European
18.5%
Hispanic
17.9%
Aboriginal
17%
Ghanaian
14.5%
Gujarati
14.5%
Tibetan
14.2%
Caribbean
12.1%
Barbadian
11.5%
Metis
11.2%
Assyrian
9.4%
Salvadorean
7.9%
Antiguan
6.7%
Grenadian
4.8%
Oceania
3.9%
Yoruba
2.4%
Maghrebi
1.8%
Vincent
1.5%
Trinidadian-Tobagonian
0.9%

You're not logged in!

Compare scores with friends on all Sporcle quizzes.
Join for Free
OR
Log In

You Might Also Like...

Show Comments

Extras

Top Quizzes Today


Score Distribution

Your Account Isn't Verified!

In order to create a playlist on Sporcle, you need to verify the email address you used during registration. Go to your Sporcle Settings to finish the process.

Report this User

Report this user for behavior that violates our Community Guidelines.

Details: